00938cam a22002654a 4500001000500000005001700005020001800022040002300040050002000063082001100083100003400094245008800128250002800216260003600244300004700280490003900327505000800366520013800374521002100512521002000533650004800553650002600601650001300627700003200640293520250902111911.0 a9780545477567 aDLCcDLCdDLCbeng00aQH541.M37b199900a577.161 aMcKinney, Barbara Shawd1951-10aPass the energy, please! /cby Barbara Shaw McKinney ; illustrated by Chad Wallace. aFirst published in 1999 aNew York :bScholastic , c1999 a31 pages :bcolor illustrations ;c28 cm . a Sharing Nature With Children Book aZ  aRhyming text and illustrations present nature's food chains, from a simple seed to a top predator, demonstrating their natural links. a1010 bLexile  aZ bRaz-Plus  0aFood chains (Ecology)vJuvenile literature. 1aFood chains (Ecology) 1aEcology.1 aWallace, Chadeillustrator